000 00866nam a22002417a 4500
999 _c15948
_d15948
003 AR-CdUCM
008 190430b ||||| |||| 00| 0 spa d
040 _aMUNICIPALIDAD PROVINCIAL DEL CUSCO
_cBIBLIOTECA MUNICIPAL DEL CUSCO
082 _22ed
_a869.58 /
_bAR694
100 _aArguedas, José María
_9790
245 _aLos mejores cuentos peruanos /
260 _aLima :
_bLatinoamericana,
_c1958.
300 _a112 páginas ;
_c17 cm.
500 _a1er Festival del libro
505 _aContenido: Agua -- Orovilca -- Taita Dios nos señala el camino -- El despenador -- Los gallinazos sin plumas...
650 _aCuentos peruanos
_97
650 _aFestival del libro
_935203
650 _aLiteratura peruana
_9169
700 _aVegas Seminario, Francisco
_97374
700 _aRibeyro, Julio Ramón
_9546
942 _2ddc
_cLIBROS
945 _adavv
_d30/04/2019